South: The story of Shackleton's last expedition 1914-1917. By Sir Ernest Shackleton, C.V.O. Illustrated
Wedi'i Gadw mewn:
| Prif Awdur: | |
|---|---|
| Fformat: | Llyfr |
| Iaith: | Saesneg |
| Cyhoeddwyd: |
Londres
William Heinemann
1920
|
| Rhifyn: | 1a. ed |
| Pynciau: | |
| Tagiau: |
Ychwanegu Tag
Dim Tagiau, Byddwch y cyntaf i dagio'r cofnod hwn!
|
MARC
| LEADER | 00000nam a2200000 a 4500 | ||
|---|---|---|---|
| 001 | UCJ5491 | ||
| 003 | CL-VaPUC | ||
| 005 | 20250304110151.0 | ||
| 008 | 070124e19200000UK |||||||||||||||||eng|d | ||
| 999 | |c 321600 |d 321598 | ||
| 040 | |c Pontificia Universidad Católica de Valparaíso | ||
| 082 | 0 | 4 | |a 910.4 |b SHA |2 21 |
| 100 | 0 | |a Shackleton, Ernest |e author |9 509260 | |
| 245 | 1 | 0 | |a South: The story of Shackleton's last expedition 1914-1917. By Sir Ernest Shackleton, C.V.O. Illustrated |
| 250 | |a 1a. ed | ||
| 260 | |a Londres |b William Heinemann |c 1920 | ||
| 300 | |a 368 p | ||
| 500 | |a Front., fotografía en colores de la nave inglesa Endurance; mapas e ilustraciones conforme con lo señalado en el índice | ||
| 583 | |a last modification |c 20070124 00:00:00 |k Rodrigo Vera | ||
| 600 | 0 | 7 | |a YELCHO |2 CL-VaPUC |9 510711 |
| 600 | 0 | 7 | |a Pardo Villalón, Luis |d 1882-1935 |9 880452 |
| 650 | 0 | |a Viajes |9 257115 | |
| 650 | 0 | |a Expediciones científicas |9 265222 | |
| 650 | 7 | |a FAUNA |2 CL-VaPUC |9 349523 | |
| 650 | 7 | |a RESCATES |2 CL-VaPUC |9 505719 | |
| 650 | 0 | |a Mapas |9 260844 | |
| 650 | 0 | |a Iconografía |9 267998 | |
| 650 | 0 | |a Ilustraciones |9 369481 | |
| 651 | 0 | |a Antártica (Antártida) |9 324088 | |
| 942 | |c BK |2 ddc | ||
| 945 | |d 20070124 00:00:00 |a rinostro | ||
| 952 | |0 0 |1 0 |4 0 |6 910_400000000000000_SHA_1920 |7 0 |8 X |9 400381 |a FDOBUD |b FDOBUD |d 2019-11-22 |i 1035371 |o 910.4 SHA 1920 |p 1035371 |r 2019-11-22 |w 2019-11-22 |y BK_X |k BUD | ||